000
00241nam a2200109Ia 4500
008
240625s9999 xx 000 0 und d
041
_a
eng
082
_a
332.63 DOW
100
_a
DOWD KEVIN
245
_a
MEASURING MARKET RISK
260
_c
2004
999
_c
34906
_d
34906